|
|
|
|
| LEADER |
01739nam a2200445 a 4500 |
| 001 |
nkc20081833106 |
| 003 |
CZ PrNK |
| 005 |
20120117131950.0 |
| 007 |
ta |
| 008 |
081128s2008 xr a f 001 0 eng |
| 015 |
|
|
|a cnb001833106
|
| 020 |
|
|
|a 978-80-87168-06-6
|q (Kernberg ;
|q brož.) :
|c Kč 349,00
|
| 035 |
|
|
|a (OCoLC)432993661
|
| 040 |
|
|
|a ABA001
|b cze
|
| 072 |
|
7 |
|a 004
|x Počítačová věda. Výpočetní technika. Informační technologie
|2 Konspekt
|9 23
|
| 080 |
|
|
|a 004
|2 MRF
|
| 080 |
|
|
|a 51-7
|2 MRF
|
| 080 |
|
|
|a (048.8)
|2 MRF
|
| 245 |
0 |
0 |
|a Mathematical foundations of computer science /
|c Jiří Vaníček ... [et al.]
|
| 250 |
|
|
|a 1. vyd.
|
| 260 |
|
|
|a Davle :
|b Kernberg ;
|a Praha :
|b Alfa Nakladatelství,
|c 2008
|
| 300 |
|
|
|a 273 s. :
|b il. ;
|c 21 cm
|
| 500 |
|
|
|a 300 výt.
|
| 504 |
|
|
|a Obsahuje bibliografii a rejstřík
|
| 650 |
0 |
7 |
|a počítačová věda
|7 ph124511
|2 czenas
|
| 650 |
0 |
7 |
|a informační technologie
|7 ph121106
|2 czenas
|
| 650 |
0 |
7 |
|a aplikovaná matematika
|7 ph114073
|2 czenas
|
| 650 |
0 |
9 |
|a computer science
|2 eczenas
|
| 650 |
0 |
9 |
|a information technology
|2 eczenas
|
| 650 |
0 |
9 |
|a applied mathematics
|2 eczenas
|
| 655 |
|
7 |
|a monografie
|7 fd132842
|2 czenas
|
| 655 |
|
9 |
|a monographs
|2 eczenas
|
| 700 |
1 |
|
|a Vaníček, Jiří,
|d 1937-2011
|7 jk01141562
|4 aut
|
| 856 |
4 |
1 |
|u http://www.digitalniknihovna.cz/mzk/uuid/uuid:7be271c0-cafb-11e8-bbaa-005056827e52
|y Digitalizovaný dokument
|x NDK
|
| 910 |
2 |
|
|a BOA001
|b 2-1274.827
|
| 990 |
|
|
|a BK
|
| 995 |
|
|
|a 01
|
| 991 |
|
|
|b 201201
|e n
|j 004 MAT
|
| 996 |
6 |
|
|b 2610496546
|c 2-1274.827
|l MZK
|r Sklad / do 1 hodiny
|n 2
|p p.v.
|w 001219957
|u 000010
|a 1
|e BOA001
|j MZK50
|s P
|
| 996 |
7 |
|
|b 2610496547
|c 2-1274.827
|l MZK
|r Sklad / do 1 hodiny
|n 6
|p p.v.
|w 001219957
|u 000020
|a 1
|e BOA001
|j MZK50
|s A
|